| 000 | 004950000a22001810004500 | ||
|---|---|---|---|
| 003 | MACL | ||
| 005 | 20151004123022.0 | ||
| 008 | 151004b xxu||||| |||| 00| 0 eng d | ||
| 040 |
_aMACL _cMACL |
||
| 041 | _aEnglish | ||
| 082 | _a910/DAS | ||
| 100 |
_aDas, Gurudas _913577 |
||
| 245 |
_aIndo Bangladesh Border Trade _bBenefiting From Neighbourhood |
||
| 260 |
_bAkansha Publishing House _c2008 _aNew Delhi |
||
| 350 | _a1150 | ||
| 650 |
_aTravel & Geography _913442 |
||
| 942 |
_cBK _k910/DAS _2ddc |
||
| 999 |
_c42654 _d42654 |
||